<?xml version="1.0" encoding="UTF-8"?>
<record
    xmlns:xsi="http://www.w3.org/2001/XMLSchema-instance"
    xsi:schemaLocation="http://www.loc.gov/MARC21/slim http://www.loc.gov/standards/marcxml/schema/MARC21slim.xsd"
    xmlns="http://www.loc.gov/MARC21/slim">

  <leader>00907nam a2200253 a 4500</leader>
  <controlfield tag="001">22648</controlfield>
  <controlfield tag="003">CO-ViMGA</controlfield>
  <controlfield tag="008">141112s2004    ck      r     000 u spa d</controlfield>
  <datafield tag="020" ind1=" " ind2=" ">
    <subfield code="a">9582003642</subfield>
  </datafield>
  <datafield tag="040" ind1=" " ind2=" ">
    <subfield code="a">CO-ViMGA</subfield>
    <subfield code="b">spa</subfield>
    <subfield code="c">CO-ViMGA</subfield>
  </datafield>
  <datafield tag="082" ind1="0" ind2="4">
    <subfield code="a">371.3 B375j</subfield>
  </datafield>
  <datafield tag="100" ind1="1" ind2=" ">
    <subfield code="a">Bernal Arroyave, Guillermo</subfield>
    <subfield code="9">32257</subfield>
  </datafield>
  <datafield tag="245" ind1="1" ind2="0">
    <subfield code="a">Jugemos con la poes&#xED;a</subfield>
  </datafield>
  <datafield tag="250" ind1=" " ind2=" ">
    <subfield code="a">2</subfield>
  </datafield>
  <datafield tag="260" ind1=" " ind2=" ">
    <subfield code="a">Bogot&#xE1; : </subfield>
    <subfield code="b">Cooperativa Editorial Magisterio, </subfield>
    <subfield code="c">2005</subfield>
  </datafield>
  <datafield tag="300" ind1=" " ind2=" ">
    <subfield code="a">148</subfield>
  </datafield>
  <datafield tag="490" ind1=" " ind2=" ">
    <subfield code="a">Aula alegre magisterio</subfield>
  </datafield>
  <datafield tag="505" ind1=" " ind2=" ">
    <subfield code="a">La magia de las palabras 11 - 20 - - Poemas para jugar 21 - 43 - - Al son que toquen 47 - 69 - - Asociaciones y comparaciones 71 - 84</subfield>
  </datafield>
  <datafield tag="590" ind1=" " ind2=" ">
    <subfield code="a">Forma de adquisici&#xF3;n : Compra - - Precio : 31000 - - Proveedor : Dismet - - Fecha de adquisici&#xF3;n : 2008</subfield>
  </datafield>
  <datafield tag="650" ind1="1" ind2="4">
    <subfield code="a">CREACION LITERARIA</subfield>
    <subfield code="9">22900</subfield>
  </datafield>
  <datafield tag="650" ind1="1" ind2="4">
    <subfield code="a">JUEGOS EDUCATIVOS</subfield>
    <subfield code="9">18447</subfield>
  </datafield>
  <datafield tag="650" ind1="1" ind2="4">
    <subfield code="a">POESIA - ENSE&#xD1;ANZA ELEMENTAL</subfield>
    <subfield code="9">32258</subfield>
  </datafield>
  <datafield tag="942" ind1=" " ind2=" ">
    <subfield code="2">ddc</subfield>
    <subfield code="c">BK</subfield>
  </datafield>
  <datafield tag="999" ind1=" " ind2=" ">
    <subfield code="c">3081</subfield>
    <subfield code="d">3081</subfield>
  </datafield>
  <datafield tag="952" ind1=" " ind2=" ">
    <subfield code="0">0</subfield>
    <subfield code="1">0</subfield>
    <subfield code="2">ddc</subfield>
    <subfield code="4">0</subfield>
    <subfield code="7">0</subfield>
    <subfield code="8">GEN</subfield>
    <subfield code="a">MESMARTI</subfield>
    <subfield code="b">MESMARTI</subfield>
    <subfield code="c">GEN</subfield>
    <subfield code="d">2023-07-25</subfield>
    <subfield code="l">0</subfield>
    <subfield code="o">372.4 B27j</subfield>
    <subfield code="p">SM001328</subfield>
    <subfield code="r">2023-07-25 19:58:09</subfield>
    <subfield code="t">Ej.1</subfield>
    <subfield code="w">2023-07-25</subfield>
    <subfield code="y">BK</subfield>
  </datafield>
  <datafield tag="952" ind1=" " ind2=" ">
    <subfield code="0">0</subfield>
    <subfield code="1">0</subfield>
    <subfield code="2">ddc</subfield>
    <subfield code="4">0</subfield>
    <subfield code="7">0</subfield>
    <subfield code="8">003</subfield>
    <subfield code="a">MEVIECAR</subfield>
    <subfield code="b">MEVIECAR</subfield>
    <subfield code="d">2015-12-04</subfield>
    <subfield code="h">Volumen. 1 | 11/jun/2009</subfield>
    <subfield code="l">0</subfield>
    <subfield code="o">371.3 B375j </subfield>
    <subfield code="p">22648</subfield>
    <subfield code="r">2017-10-27 00:00:00</subfield>
    <subfield code="t">Ej. 1</subfield>
    <subfield code="w">2015-12-04</subfield>
    <subfield code="y">BK</subfield>
  </datafield>
  <datafield tag="952" ind1=" " ind2=" ">
    <subfield code="0">0</subfield>
    <subfield code="1">0</subfield>
    <subfield code="2">ddc</subfield>
    <subfield code="4">0</subfield>
    <subfield code="7">0</subfield>
    <subfield code="8">GEN</subfield>
    <subfield code="a">MEMAPIRI</subfield>
    <subfield code="b">MEMAPIRI</subfield>
    <subfield code="c">GEN</subfield>
    <subfield code="d">2023-11-08</subfield>
    <subfield code="l">0</subfield>
    <subfield code="o">372.4 b27j</subfield>
    <subfield code="p">MAP0000507</subfield>
    <subfield code="r">2023-11-08 16:30:02</subfield>
    <subfield code="t">Ej.1</subfield>
    <subfield code="w">2023-11-08</subfield>
    <subfield code="y">BK</subfield>
  </datafield>
</record>
